00500nam a22001577a 4500020002200000040001500022082001800037100004300055245004200098250001200140260003600152300002100188942001200209999001900221952010200240 a9788126557486qPB cNUSTdNUST a658.5752bOTT aSeider, Warren & Seader , J.D. 918922 aProduct and Process Design Principles a3rd ed. aNew Delhi , ;bPearson ,c2015. a728 p. ;b28 cm. 2ddccBK c527593d527593 00102ddc4070aSMMEbSMMEcGENd2019-07-31o658.5752 OTTpSMME-3449r2019-07-31w2019-07-31yBK